Anagrammes par paires - Géographie - Statistiques

Statistiques générales
  • Ce quiz a été pris 28 440 fois
  • Le résultat moyen est 13 sur 24
Statistiques - réponses
Indices Réponse % Correct
Capitale du Pérou Lima
94%
Capitale du Japon Tokyo
93%
Ancienne capitale du Japon Kyoto
90%
Pays africain où est située Tombouctou Mali
90%
Sa capitale est Zagreb Croatie
77%
Fleuve coulant à Toulouse et Bordeaux Garonne
70%
Île touristique d'Indonésie Bali
65%
Chaîne de montagnes sud-américaine Andes
64%
Ce fleuve coule sous le pont Mirabeau Seine
59%
Préfecture de la Drome et ville d'Espagne Valence
58%
Territoire entouré par une autre entité territoriale enclave
57%
Espace géographique de relief plat plaine
55%
Préfecture du Tarn Albi
54%
Plus grande île grecque Crète
50%
Habitant de la capitale de l'Égypte cairote
49%
Deuxième ville des Ardennes Sedan
44%
Service national français s'occupant notamment de la démographie INSEE
41%
Préfecture des Vosges Épinal
33%
Département français numéro 61 Orne
31%
3ème ville du Nevada derrière Las Vegas et Henderson Reno
24%
Capitale de l'Érythrée Asmara
23%
Sous-préfecture des Pyrénées-Orientales Céret
13%
Ville russe sur la Volga Samara
12%
Région naturelle à cheval sur la Meuse, la Marne et les Ardennes Argonne
8%
Aucun quiz correspondant
Distribution des résultats
% des personnes avec chaque résultat
Percentile par nombre de réponses
Votre historique - résultats
Vous n’avez pas pris ce quiz